00433nam a2200145Ia 4500008004100000041000900041082001500050100002500065245003200090260003900122300000900161650000800170999001700178952009200195230718s9999 xx 000 0 und d aEng. a340bMAH-P aMah,Akbar Ali Bhatti 0aPakistan law journal (2002) aPakistanbAll Pakistan legalc2002 a1072 aLaw c27472d27472 00104070aSIRC-LbSIRC-Ld2023-07-18l0o340 MAH-Pp22424r2023-07-18w2023-07-18yBK